[Event "Sparkassen Chess Trophy 2024 A-Open"]
[Site "Dortmund"]
[Date "2024.08.15"]
[Round "6"]
[White "Rosen, Bernd"]
[Black "Koehler, Ronald"]
[Result "1/2-1/2"]
[WhiteElo "2245"]
[BlackElo "2104"]
[PlyCount "67"]
[EventDate "2024.08.10"]

1. c4 Nf6 2. g3 c5 3. Bg2 d5 4. cxd5 Nxd5 5. Nc3 Nc7 6. Nf3 Nc6 7. O-O e5 8. Ne1 Be7 9. Nd3 f6 10. b3 Bd7 11. f4 exf4 12. Nxf4 O-O 13. Bb2 Rc8 14. e3 b6 15. Ncd5 Bd6 16. Rc1 Ne6 17. d4 Nxf4 18. Nxf4 Re8 19. Bd5+ Kh8 20. Qh5 Bxf4 21. Rxf4 cxd4 22. Bf7 h6 23. Bxe8 Bxe8 24. Qh3 Bd7 25. Qf1 Ne5 26. Rxc8 Qxc8 27. Bxd4 Bh3 28. Qd1 Qc6 29. e4 Ng6 30. Rf2 Qxe4 31. Re2 Qd5 32. Qd2 Qf5 33. Qd1 Nh4 34. gxh4 1/2-1/2

[Event "Sparkassen Chess Trophy 2024 A-Open"]
[Site "Dortmund"]
[Date "2024.08.15"]
[Round "6"]
[White "Malinowsky, Levi"]
[Black "Schimnatkowski, Lukas"]
[Result "1/2-1/2"]
[WhiteElo "2006"]
[BlackElo "2235"]
[PlyCount "88"]
[EventDate "2024.08.10"]

1. e4 e5 2. Nf3 Nc6 3. Bb5 a6 4. Ba4 Nf6 5. O-O Be7 6. Re1 b5 7. Bb3 O-O 8. a4 b4 9. a5 d6 10. c3 Rb8 11. d3 Bg4 12. Nbd2 bxc3 13. bxc3 d5 14. Qc2 dxe4 15. dxe4 Bc5 16. h3 Bh5 17. Bc4 Qe7 18. Bxa6 Ra8 19. Be2 Nxa5 20. Nf1 Bg6 21. Ng3 Qe6 22. Ra4 Qb6 23. Bf1 Rfc8 24. Be3 Bxe3 25. Rxe3 Nd5 26. Re1 Qc5 27. Rc1 Nb6 28. Raa1 f6 29. Rcb1 Nac4 30. Rxa8 Rxa8 31. Rd1 Nd6 32. Nh4 Qc6 33. Nhf5 Bxf5 34. Nxf5 Nxf5 35. Qb3+ Kh8 36. exf5 h6 37. Be2 Qe8 38. Bf3 Rd8 39. Rxd8 Qxd8 40. Qb5 Qd7 41. Qc5 Qd6 42. Qb5 Qd7 43. Qc5 Qd6 44. Qb5 Qd7 1/2-1/2

[Event "Sparkassen Chess Trophy 2024 A-Open"]
[Site "Dortmund"]
[Date "2024.08.15"]
[Round "6"]
[White "Gallana, Marco"]
[Black "Thiel, Thomas"]
[Result "0-1"]
[WhiteElo "2276"]
[BlackElo "2129"]
[PlyCount "164"]
[EventDate "2024.08.10"]

1. Nf3 Nf6 2. c4 g6 3. Nc3 d5 4. cxd5 Nxd5 5. e4 Nxc3 6. dxc3 Qxd1+ 7. Kxd1 Nd7 8. Bc4 Nc5 9. Ng5 e6 10. b4 Nd7 11. Be3 Bg7 12. Kc2 h6 13. Nf3 b6 14. Nd4 Bb7 15. f3 a6 16. Nb3 Rc8 17. a4 Bf8 18. Be2 h5 19. Rhd1 Bd6 20. h3 h4 21. Nd2 f5 22. Nc4 Bg3 23. exf5 gxf5 24. Bf1 Rg8 25. Bd4 Ke7 26. Be3 Nf6 27. a5 b5 28. Bc5+ Kf7 29. Nb2 Be5 30. Nd3 Bd6 31. Bf2 Nd5 32. Re1 Be7 33. Bd4 Rcd8 34. Rad1 Rc8 35. Kb3 Bf8 36. Rd2 Bd6 37. Bf2 Rh8 38. Bd4 Rhg8 39. Bf2 Rh8 40. Rdd1 Ra8 41. Bd4 Rh6 42. Be5 Rg6 43. Kc2 Bc6 44. Kd2 Bd7 45. Rc1 Ke7 46. Ke2 Rg5 47. Rb1 Ne3 48. Kf2 Kf7 49. Rbc1 Bc6 50. Red1 Rb8 51. c4 bxc4 52. Rxc4 Bb5 53. Rxh4 Bxd3 54. Rh7+ Kf8 55. Bxd6+ cxd6 56. Rh8+ Rg8 57. Rxg8+ Kxg8 58. Bxd3 Rxb4 59. Bf1 d5 60. Rc1 d4 61. Rc7 Nd5 62. Rc6 Rb2+ 63. Kg3 f4+ 64. Kh4 Ne3 65. Bxa6 Rxg2 66. Bd3 Kf7 67. a6 Nd5 68. Rc8 Ra2 69. Rh8 Kf6 70. Rh6+ Ke5 71. Rh7 Nb4 72. Bc4 Ra3 73. Re7 Nd5 74. Rb7 Rxf3 75. Bxd5 exd5 76. a7 Ra3 77. Kg4 Rg3+ 78. Kh4 Ra3 79. Kg4 d3 80. Kf3 Kd4 81. h4 Ra1 82. h5 d2 0-1

[Event "Sparkassen Chess Trophy 2024 A-Open"]
[Site "Dortmund"]
[Date "2024.08.15"]
[Round "6"]
[White "Gallas, Noel"]
[Black "Farokhi, Keyvan"]
[Result "0-1"]
[WhiteElo "2053"]
[BlackElo "2307"]
[PlyCount "54"]
[EventDate "2024.08.10"]

1. e4 c6 2. d4 d5 3. Nd2 dxe4 4. Nxe4 Bf5 5. Ng3 Bg6 6. Nf3 Nd7 7. h4 h6 8. h5 Bh7 9. Bd3 Bxd3 10. Qxd3 e6 11. Bd2 Ngf6 12. O-O-O Be7 13. Kb1 Qb6 14. Ne4 Rd8 15. Ka1 O-O 16. Nxf6+ Nxf6 17. Qe2 c5 18. dxc5 Bxc5 19. Ne5 Rd5 20. Bc3 Rfd8 21. Nc4 Qa6 22. b3 Ne4 23. Bb2 Nxf2 24. Rxd5 exd5 25. Qe5 Bb4 26. Qc7 Re8 27. Ne5 Re7 0-1

[Event "Sparkassen Chess Trophy 2024 A-Open"]
[Site "Dortmund"]
[Date "2024.08.15"]
[Round "6"]
[White "Hirzel, Cedric"]
[Black "Kueppers, Timo"]
[Result "1/2-1/2"]
[WhiteElo "2116"]
[BlackElo "2288"]
[PlyCount "81"]
[EventDate "2024.08.10"]

1. d4 Nf6 2. c4 e6 3. Nf3 c5 4. d5 exd5 5. cxd5 d6 6. Nc3 g6 7. Bf4 Bg7 8. Qa4+ Bd7 9. Qb3 b5 10. Bxd6 Qb6 11. e4 Qxd6 12. e5 c4 13. Nxb5 Qxe5+ 14. Nxe5 cxb3 15. Nc7+ Kd8 16. Nxa8 Re8 17. f4 Nxd5 18. Kf2 Bxe5 19. fxe5 Kc8 20. Bc4 Rxe5 21. Rhc1 Kb7 22. Bxd5+ Rxd5 23. Nc7 Rf5+ 24. Kg1 Bc6 25. axb3 Kxc7 26. Rxa7+ Kb6 27. Re7 Nd7 28. Rf1 Rg5 29. Rfxf7 Rxg2+ 30. Kf1 Nc5 31. Rxh7 Nxb3 32. Rb7+ Bxb7 33. Rxb7+ Kxb7 34. Kxg2 Kc6 35. Kg3 Kd5 36. Kg4 Ke6 37. h4 Kf6 38. h5 g5 39. h6 Kg6 40. h7 Kxh7 41. Kxg5 1/2-1/2

[Event "Sparkassen Chess Trophy 2024 A-Open"]
[Site "Dortmund"]
[Date "2024.08.15"]
[Round "6"]
[White "Gallasch, Jonas"]
[Black "Gluma, Christian"]
[Result "1-0"]
[WhiteElo "2260"]
[BlackElo "2091"]
[PlyCount "79"]
[EventDate "2024.08.10"]

1. c4 e6 2. g3 d5 3. Bg2 Nf6 4. d4 Be7 5. Nf3 O-O 6. O-O dxc4 7. Na3 Bxa3 8. bxa3 Bd7 9. a4 Bc6 10. Ba3 Re8 11. Qc2 Nbd7 12. Rac1 a5 13. Qxc4 Nb6 14. Qc2 Nxa4 15. Qb3 Nb6 16. Rxc6 bxc6 17. Ne5 Qxd4 18. Nxc6 Qa4 19. Ne7+ Kh8 20. Qxa4 Nxa4 21. Rc1 Rad8 22. Bc6 Nb6 23. Bxe8 Nxe8 24. Rc2 f6 25. Kg2 g6 26. Nc6 Rd5 27. e4 Rd3 28. Bb2 a4 29. e5 f5 30. Nb4 Rd7 31. Rc6 Ng7 32. Na6 Rd2 33. Bc3 Rxa2 34. Nxc7 Nc8 35. Bb4 Rb2 36. Na6 Na7 37. Rc7 Nb5 38. Rc8+ Ne8 39. Rxe8+ Kg7 40. Rb8 1-0

[Event "Sparkassen Chess Trophy 2024 A-Open"]
[Site "Dortmund"]
[Date "2024.08.15"]
[Round "6"]
[White "Stelmaszyk, Nico"]
[Black "Sabirov, Rafael"]
[Result "1-0"]
[WhiteElo "2380"]
[BlackElo "2123"]
[PlyCount "79"]
[EventDate "2024.08.10"]

1. e4 c5 2. Nf3 e6 3. c3 Nf6 4. e5 Nd5 5. Bc4 d6 6. d4 cxd4 7. cxd4 Be7 8. O-O O-O 9. Qe2 Bd7 10. Nc3 Nxc3 11. bxc3 Bc6 12. exd6 Bxd6 13. Ne5 Bxe5 14. Qxe5 Nd7 15. Qg3 Nf6 16. Bh6 Nh5 17. Qg4 Qf6 18. Qxh5 Qxh6 19. Qxh6 gxh6 20. Be2 Rac8 21. Rfc1 Rfd8 22. f4 Rc7 23. Kf2 Rdc8 24. Ke3 Kf8 25. g3 Bd5 26. Kd2 Be4 27. a4 b6 28. a5 Rb8 29. axb6 Rxb6 30. Bd3 Bxd3 31. Kxd3 Rb2 32. Rc2 Rb3 33. Ra4 Ke7 34. Rc4 Rcb7 35. Rc5 Kf6 36. f5 R7b5 37. fxe6 Kxe6 38. Rc6+ Ke7 39. Rc7+ Ke6 40. Re2+ 1-0

[Event "Sparkassen Chess Trophy 2024 A-Open"]
[Site "Dortmund"]
[Date "2024.08.15"]
[Round "6"]
[White "Bagrationi, Alexander"]
[Black "Wichtrup, Jan-Louis"]
[Result "1/2-1/2"]
[WhiteElo "2411"]
[BlackElo "2138"]
[PlyCount "151"]
[EventDate "2024.08.10"]

1. d4 d5 2. c4 e6 3. Nf3 Nf6 4. g3 Be7 5. Bg2 O-O 6. O-O dxc4 7. Qa4 a6 8. Qxc4 b5 9. Qc2 Bb7 10. Bf4 Nc6 11. Rd1 Nb4 12. Qc1 Rc8 13. Nc3 Nbd5 14. Ne5 c5 15. dxc5 Rxc5 16. Qb1 Qa8 17. Nxd5 Nxd5 18. Bd2 Rfc8 19. Nd3 Rc2 20. Ne1 R2c7 21. Ba5 Rc4 22. Qd3 Bf6 23. Qb3 h5 24. h4 g6 25. Rd2 Ra4 26. e4 Ne7 27. Bb6 Bxe4 28. Rad1 Bd5 29. Bxd5 Nxd5 30. Bd4 Bxd4 31. Rxd4 Rxd4 32. Rxd4 Ne7 33. Qd3 Nf5 34. Rd7 Qc6 35. Rd8+ Rxd8 36. Qxd8+ Kg7 37. Nd3 Qd6 38. Qxd6 Nxd6 39. f3 a5 40. Kf2 Nf5 41. b3 Kf6 42. f4 Ke7 43. Ne5 Kd6 44. Nxf7+ Kc5 45. Ne5 Kb4 46. Nc6+ Ka3 47. Nxa5 Kxa2 48. b4 Kb2 49. Nc6 Kc3 50. Ne5 Kxb4 51. Nxg6 Kc3 52. Nf8 Nd4 53. Nd7 b4 54. Nc5 Kc4 55. Na4 Nf5 56. Kf3 Kd4 57. g4 Nxh4+ 58. Kg3 Nf5+ 59. gxf5 exf5 60. Kf3 h4 61. Nb2 b3 62. Na4 Kd3 63. Nb2+ Kd2 64. Kf2 Kc2 65. Na4 b2 66. Nxb2 Kxb2 67. Kg2 Kc3 68. Kh3 Kd4 69. Kxh4 Ke3 70. Kg3 Ke4 71. Kg2 Kxf4 72. Kf2 Ke4 73. Ke2 f4 74. Kf2 f3 75. Kf1 f2 76. Kxf2 1/2-1/2

[Event "Sparkassen Chess Trophy 2024 A-Open"]
[Site "Dortmund"]
[Date "2024.08.15"]
[Round "6"]
[White "Gloeckler, Christian"]
[Black "Christodoulaki, Antonia"]
[Result "1-0"]
[WhiteElo "2289"]
[BlackElo "1994"]
[PlyCount "95"]
[EventDate "2024.08.10"]

1. e4 e6 2. d4 d5 3. Nd2 c5 4. exd5 Qxd5 5. dxc5 Nf6 6. Nb3 Qxd1+ 7. Kxd1 Nbd7 8. Bb5 a6 9. Ba4 Be7 10. Nf3 O-O 11. Be3 Nd5 12. Bd4 Rd8 13. Ke2 Nf4+ 14. Kf1 f6 15. c4 Rb8 16. c6 bxc6 17. Na5 Nc5 18. Nxc6 Nxa4 19. Nxe7+ Kf7 20. Nxc8 Rbxc8 21. b3 Nc5 22. Bxc5 Rxc5 23. g3 Nd3 24. Rd1 e5 25. Ke2 e4 26. Nh4 Ra5 27. Rd2 g5 28. Ng2 Nxf2 29. Rxd8 Nxh1 30. Rd2 Rf5 31. Ke3 Ke6 32. Kxe4 Nf2+ 33. Kd4 Ng4 34. Ne3 Nxe3 35. Kxe3 a5 36. Rf2 Re5+ 37. Kd3 Rc5 38. a3 f5 39. b4 axb4 40. axb4 Rc8 41. c5 Ke5 42. Kc4 f4 43. gxf4+ gxf4 44. b5 Ke4 45. b6 f3 46. b7 Rd8 47. c6 Ke3 48. Rxf3+ 1-0

[Event "Sparkassen Chess Trophy 2024 A-Open"]
[Site "Dortmund"]
[Date "2024.08.17"]
[Round "8"]
[White "Heinzel, Thomas"]
[Black "Tahashi-Knoche, Farzad"]
[Result "1-0"]
[WhiteElo "1866"]
[BlackElo "1960"]
[PlyCount "109"]
[EventDate "2024.08.10"]

1. d4 Nf6 2. c4 g6 3. Nf3 Bg7 4. g3 d6 5. Bg2 O-O 6. Nc3 c5 7. d5 e6 8. O-O Re8 9. Nd2 exd5 10. cxd5 a6 11. a4 Nbd7 12. Nc4 Nb6 13. Na3 Rb8 14. h3 Nxa4 15. Nxa4 b5 16. Nxc5 dxc5 17. Bf4 Rb6 18. Rc1 Nh5 19. Qc2 Nxf4 20. gxf4 c4 21. Nb1 Qf6 22. b3 Qxf4 23. e3 cxb3 24. Qxc8 Qe5 25. Qc5 Rf6 26. Nd2 b2 27. Rb1 Bf8 28. Qc2 Bd6 29. Rfe1 Ba3 30. Qd3 Bb4 31. Red1 Bd6 32. f4 Qxe3+ 33. Qxe3 Rxe3 34. Ne4 Rxe4 35. Bxe4 Rxf4 36. Bg2 Rd4 37. Rxd4 Bc5 38. d6 Bxd4+ 39. Kf1 Kf8 40. Bc6 Be5 41. d7 Ke7 42. Ke2 Kd8 43. Kd3 Kc7 44. Ke4 Bf6 45. Kd5 g5 46. Re1 h5 47. Kc5 g4 48. hxg4 hxg4 49. Be4 Be7+ 50. Kd5 a5 51. Bf5 Kd8 52. Bxg4 a4 53. Kc6 f5 54. Bxf5 a3 55. Rxe7 {erfasst durch pgnApp - www.pgn-app.com} 1-0

[Event "Sparkassen Chess Trophy 2024 A-Open"]
[Site "Dortmund"]
[Date "2024.08.17"]
[Round "8"]
[White "Zhuikov, Edgard"]
[Black "Riechenberg, Maximilian"]
[Result "1/2-1/2"]
[WhiteElo "1923"]
[BlackElo "1981"]
[PlyCount "75"]
[EventDate "2024.08.10"]

1. e4 e5 2. Nf3 Nc6 3. Bc4 Bc5 4. c3 Nf6 5. d4 exd4 6. e5 d5 7. Bb5 Ne4 8. cxd4 Bb6 9. Nc3 O-O 10. Be3 Bg4 11. h3 Bh5 12. Qc2 Bg6 13. Qb3 Ne7 14. O-O c6 15. Bd3 Nd2 16. Nxd2 Bxd3 17. Rfe1 Nf5 18. Na4 Bb5 19. Nxb6 axb6 20. a4 Ba6 21. Qc2 Qd7 22. b4 Rae8 23. Rab1 f6 24. e6 Qxe6 25. b5 cxb5 26. axb5 Bxb5 27. Rxb5 Nxd4 28. Bxd4 Qxe1+ 29. Nf1 Re2 30. Qf5 Rfe8 31. Qxd5+ Kh8 32. Be3 h6 33. Qf5 Rd8 34. Rd5 Rxd5 35. Qxd5 Rb2 36. Qd8+ Kh7 37. Qd3+ Kh8 38. Kh2 {erfasst durch pgnApp - www.pgn-app.com} 1/2-1/2

[Event "Sparkassen Chess Trophy 2024 A-Open"]
[Site "Dortmund"]
[Date "2024.08.17"]
[Round "8"]
[White "Ruhmann, Gabriel"]
[Black "Weisskopf, Lutz"]
[Result "0-1"]
[WhiteElo "1847"]
[BlackElo "2026"]
[PlyCount "120"]
[EventDate "2024.08.10"]

1. Nf3 Nf6 2. c4 g6 3. d4 Bg7 4. Nc3 d6 5. Bg5 Nbd7 6. e3 O-O 7. Qc2 c6 8. Be2 Qc7 9. O-O e5 10. dxe5 dxe5 11. b4 Re8 12. Rac1 Nf8 13. Rfd1 Be6 14. Bxf6 Bxf6 15. c5 Bg7 16. Ne4 h6 17. Nd6 Re7 18. a4 a6 19. Nd2 f5 20. N2c4 e4 21. Nb6 Rd8 22. b5 axb5 23. axb5 Kh7 24. bxc6 bxc6 25. Rb1 Qa7 26. Ndc8 Rxc8 27. Nxc8 Bxc8 28. Rd8 Qc7 29. Rd2 Nd7 30. h4 h5 31. Rd6 Be5 32. Rbd1 Rg7 33. R6d2 Qa7 34. Qc4 Nxc5 35. Ra2 Qe7 36. Rc2 Ne6 37. Qxc6 Bd7 38. Qd5 Ba4 39. Qxe5 Bxc2 40. Rd2 Ba4 41. Ra2 Bd7 42. Ra8 Bc6 43. Ra6 Nd8 44. Qc3 Qb7 45. Qf6 Qd7 46. Bc4 Qe7 47. Rxc6 Nxc6 48. Qxc6 Qxh4 49. Qc8 f4 50. exf4 Qxf4 51. Qe6 Qf5 52. Qe8 h4 53. Be6 Qe5 54. Bb3 Qe7 55. Qxe7 Rxe7 56. Kf1 e3 57. f3 Rb7 58. Be6 Rb2 59. Bh3 Kg7 60. Ke1 g5 {erfasst durch pgnApp - www.pgn-app.com} 0-1

[Event "Sparkassen Chess Trophy 2024 A-Open"]
[Site "Dortmund"]
[Date "2024.08.17"]
[Round "8"]
[White "Stoll, Lucia"]
[Black "Jess, Stefan"]
[Result "1-0"]
[WhiteElo "1984"]
[BlackElo "1920"]
[PlyCount "81"]
[EventDate "2024.08.10"]

1. e4 e5 2. Nf3 Nf6 3. Nxe5 Nxe4 4. Qe2 Qe7 5. Qxe4 d6 6. d4 dxe5 7. dxe5 Nc6 8. Nc3 Qxe5 9. Qxe5+ Nxe5 10. Nb5 Bb4+ 11. Bd2 Bxd2+ 12. Kxd2 Kd8 13. Re1 Nd7 14. h4 Nb6 15. h5 c6 16. Nd6 Kc7 17. Ne8+ Kb8 18. Nxg7 h6 19. Re7 a5 20. Rxf7 Rd8+ 21. Kc1 a4 22. Bd3 Ra5 23. f4 Nd5 24. a3 Ne3 25. g3 Rc5 26. Kb1 Rcd5 27. Re1 Ng4 28. Re2 R8d7 29. Rxd7 Rxd7 30. Re8 Nf6 31. Rf8 Rxg7 32. Rxf6 Rxg3 33. Rxh6 Rf3 34. Rf6 Kc7 35. h6 Rh3 36. h7 Rh1+ 37. Ka2 Kb6 38. b3 axb3+ 39. Kxb3 Rh3 40. Rf8 Be6+ 41. Kc3 {erfasst durch pgnApp - www.pgn-app.com} 1-0

[Event "Sparkassen Chess Trophy 2024 A-Open"]
[Site "Dortmund"]
[Date "2024.08.17"]
[Round "8"]
[White "Theisen, Johannes"]
[Black "Sprenger de la Iglesia, Yevgeni"]
[Result "0-1"]
[WhiteElo "1927"]
[BlackElo "1973"]
[PlyCount "48"]
[EventDate "2024.08.10"]

1. Nf3 d5 2. g3 g6 3. Bg2 Bg7 4. d4 c6 5. O-O Nf6 6. c4 dxc4 7. Nbd2 b5 8. a4 Bb7 9. e3 Nbd7 10. Qe2 a6 11. Rd1 c5 12. dxc5 Qc8 13. axb5 axb5 14. Rxa8 Qxa8 15. b4 Nd5 16. Nxc4 Nc3 17. Qb2 bxc4 18. Bh3 Bxf3 19. Bxd7+ Kf8 20. c6 Nxd1 21. Qd2 Bc3 22. Qc2 Bxc6 23. Qxd1 Bxd7 24. Qxd7 Qa1 {erfasst durch pgnApp - www.pgn-app.com} 0-1

[Event "Sparkassen Chess Trophy 2024 A-Open"]
[Site "Dortmund"]
[Date "2024.08.17"]
[Round "8"]
[White "Thieu, Nguyen Gia Bao"]
[Black "Madera, Mateusz"]
[Result "1-0"]
[WhiteElo "1904"]
[BlackElo "1921"]
[PlyCount "95"]
[EventDate "2024.08.10"]

1. e4 c6 2. Nf3 d5 3. Nc3 dxe4 4. Nxe4 Nf6 5. Qe2 Nxe4 6. Qxe4 Qd5 7. Qf4 Qf5 8. Qe3 Qe6 9. b3 Qxe3+ 10. fxe3 Bf5 11. Bb2 Nd7 12. O-O-O f6 13. d4 O-O-O 14. Bd3 Bxd3 15. Rxd3 e6 16. e4 Be7 17. c4 Nb6 18. Kc2 c5 19. d5 exd5 20. exd5 Rhe8 21. Re1 Bf8 22. Rde3 Kd7 23. Nh4 Rxe3 24. Rxe3 Re8 25. Kd3 Rxe3+ 26. Kxe3 Nc8 27. Nf5 Ke8 28. g4 Kf7 29. h3 Nb6 30. Ke4 Nc8 31. Bc1 g6 32. Ng3 Nd6+ 33. Kf3 Nc8 34. Ne4 f5 35. Ng5+ Kg8 36. gxf5 gxf5 37. Bf4 Be7 38. Ne6 Kf7 39. Bg5 b6 40. Kf4 Nd6 41. Ke5 Ne4 42. Kxf5 Nc3 43. a4 Nb1 44. Bf4 a6 45. Nc7 a5 46. d6 Bd8 47. Ne6 Bh4 48. d7 {erfasst durch pgnApp - www.pgn-app.com} 1-0

[Event "Sparkassen Chess Trophy 2024 A-Open"]
[Site "Dortmund"]
[Date "2024.08.17"]
[Round "8"]
[White "Thompson, Ian D"]
[Black "Blomer, Moritz"]
[Result "1-0"]
[WhiteElo "2003"]
[BlackElo "1939"]
[PlyCount "55"]
[EventDate "2024.08.10"]

1. Nf3 Nf6 2. c4 g6 3. Nc3 Bg7 4. g3 O-O 5. Bg2 Nc6 6. d4 d5 7. cxd5 Nxd5 8. O-O e5 9. Nxd5 e4 10. Ne5 Qxd5 11. Nxc6 Qxc6 12. Bf4 Qc4 13. e3 c5 14. Bd6 Re8 15. Bxc5 b6 16. Ba3 Ba6 17. Qd2 Rac8 18. Rfd1 Qd5 19. b3 Rc6 20. Rac1 Rec8 21. Rxc6 Rxc6 22. Rc1 Bf8 23. Rxc6 Qxc6 24. Bxf8 Kxf8 25. h4 Bd3 26. Qxd3 Qc1+ 27. Qf1 Qc2 28. Qa6 {erfasst durch pgnApp - www.pgn-app.com} 1-0

[Event "Sparkassen Chess Trophy 2024 A-Open"]
[Site "Dortmund"]
[Date "2024.08.17"]
[Round "8"]
[White "Brieger, Sebastian"]
[Black "Stegert, Jonas"]
[Result "1-0"]
[WhiteElo "1946"]
[BlackElo "1945"]
[PlyCount "89"]
[EventDate "2024.08.10"]

1. e4 c6 2. d4 d5 3. e5 c5 4. Nf3 Nc6 5. dxc5 e6 6. Be3 Nh6 7. c3 Nf5 8. Qd2 Qc7 9. b4 Nxe5 10. Nxe5 Qxe5 11. Bb5+ Bd7 12. Bxd7+ Kxd7 13. O-O Nxe3 14. fxe3 f5 15. Na3 Be7 16. Nc4 Qc7 17. e4 fxe4 18. Rf7 Raf8 19. Raf1 Ke8 20. Nd6+ Bxd6 21. Rxc7 Bxc7 22. Qe2 Kd7 23. Rd1 Ke7 24. Qb5 Rb8 25. Rf1 a6 26. Qe2 Rhf8 27. Rxf8 Rxf8 28. b5 a5 29. c4 Be5 30. Qe3 Rf4 31. cxd5 exd5 32. c6 d4 33. Qa3+ Bd6 34. Qh3 bxc6 35. bxc6 Bc5 36. Qd7+ Kf6 37. g3 d3+ 38. Kg2 Rf2+ 39. Kh3 Bb6 40. Qd6+ Kf5 41. c7 Rc2 42. g4+ Kg5 43. Qe5+ Kg6 44. Qf5+ Kh6 45. Qh5# {erfasst durch pgnApp - www.pgn-app.com} 1-0

[Event "Sparkassen Chess Trophy 2024 A-Open"]
[Site "Dortmund"]
[Date "2024.08.17"]
[Round "8"]
[White "Loheide, Michel"]
[Black "Harringer, Manfred"]
[Result "1/2-1/2"]
[WhiteElo "1975"]
[BlackElo "1963"]
[PlyCount "62"]
[EventDate "2024.08.10"]

1. e4 e5 2. Nf3 Nc6 3. Bb5 a6 4. Ba4 Nf6 5. d3 d6 6. c3 Be7 7. O-O O-O 8. Nbd2 Bd7 9. Re1 Na5 10. Bxd7 Qxd7 11. d4 Nc6 12. d5 Nb8 13. c4 a5 14. Nf1 Na6 15. Ng3 Nc5 16. Qc2 Rfe8 17. b3 g6 18. Be3 b6 19. h3 Bf8 20. a3 Qc8 21. b4 axb4 22. axb4 Ncd7 23. Qc3 Qb7 24. Rxa8 Qxa8 25. Ra1 Qb7 26. Nd2 Ra8 27. Nb3 c5 28. b5 h5 29. f3 Ra7 30. Rxa7 Qxa7 31. Qa1 Qxa1+ {erfasst durch pgnApp - www.pgn-app.com} 1/2-1/2

[Event "Sparkassen Chess Trophy 2024 A-Open"]
[Site "Dortmund"]
[Date "2024.08.17"]
[Round "8"]
[White "Krueger, Andre"]
[Black "Brunetti, Alberto Fakhri"]
[Result "0-1"]
[WhiteElo "2018"]
[BlackElo "1942"]
[PlyCount "136"]
[EventDate "2024.08.10"]

1. c4 Nf6 2. Nf3 c6 3. Nc3 d5 4. e3 e6 5. b3 Nbd7 6. Qc2 Bd6 7. Bb2 O-O 8. Be2 b6 9. cxd5 exd5 10. d4 Qe7 11. O-O Bb7 12. Rfe1 Rfe8 13. Rac1 Rac8 14. Nd2 Bb8 15. Bf3 c5 16. Qb1 Ne4 17. Ncxe4 dxe4 18. Be2 Rc6 19. g3 Rh6 20. Bf1 Qg5 21. Bg2 f5 22. Qc2 Nf6 23. dxc5 Ng4 24. Qc4+ Ree6 25. Nf1 bxc5 26. Red1 Ba6 27. Qd5 Bxf1 28. Qd8+ Qxd8 29. Rxd8+ Kf7 30. Bxf1 Be5 31. Bxe5 Nxe5 32. Bc4 Nxc4 33. Rxc4 Ra6 34. Rxc5 Rxa2 35. Rxf5+ Rf6 36. Rd7+ Kg6 37. Rf4 a6 38. Rd4 Rxf4 39. gxf4 Kf5 40. Rd5+ Kf6 41. Re5 Ra3 42. Rxe4 Rxb3 43. Ra4 Rb6 44. Ra5 Kf7 45. Kg2 Ke7 46. h4 Kf7 47. Kf3 Ke7 48. e4 Rc6 49. Rh5 h6 50. Re5+ Kf7 51. Rf5+ Ke7 52. Rd5 Rb6 53. f5 Rb3+ 54. Kg4 Rb7 55. Ra5 Rb6 56. e5 Rc6 57. f4 Rb6 58. Kh5 Rc6 59. Ra2 Kf7 60. Rb2 Rc7 61. Rb8 Ra7 62. e6+ Ke7 63. Kg6 a5 64. Kxg7 a4 65. Rb2 a3 66. Re2 a2 67. f6+ Kd6+ 68. f7 a1=Q+ {erfasst durch pgnApp - www.pgn-app.com} 0-1

[Event "Sparkassen Chess Trophy 2024 A-Open"]
[Site "Dortmund"]
[Date "2024.08.17"]
[Round "8"]
[White "Scholz, Benedict"]
[Black "Wezel, Sebastian"]
[Result "1-0"]
[WhiteElo "1990"]
[BlackElo "1939"]
[PlyCount "43"]
[EventDate "2024.08.10"]

1. e4 c5 2. Nf3 Nc6 3. d4 cxd4 4. Nxd4 Nf6 5. Nc3 d6 6. Bg5 e6 7. Qd2 a6 8. O-O-O Bd7 9. f4 h6 10. Bh4 g5 11. fxg5 Ng4 12. Kb1 Be7 13. Nxc6 Bxc6 14. Be2 Ne5 15. Rhf1 hxg5 16. Bg3 b5 17. Bxb5 Bxb5 18. Nxb5 axb5 19. Bxe5 O-O 20. Bxd6 Bxd6 21. Qxd6 Qa5 22. a3 {erfasst durch pgnApp - www.pgn-app.com} 1-0

[Event "Sparkassen Chess Trophy 2024 A-Open"]
[Site "Dortmund"]
[Date "2024.08.17"]
[Round "8"]
[White "Conrad, Joachim"]
[Black "Berresheim, Nils"]
[Result "0-1"]
[WhiteElo "1994"]
[BlackElo "1838"]
[PlyCount "60"]
[EventDate "2024.08.10"]

1. d4 Nf6 2. Nf3 g6 3. Bg5 Bg7 4. e3 d5 5. Be2 O-O 6. O-O Nbd7 7. c4 dxc4 8. Nc3 h6 9. Bh4 g5 10. Bg3 Nh5 11. Qc2 Nxg3 12. fxg3 c5 13. Rad1 cxd4 14. Nxd4 e6 15. Ne4 Qe7 16. Qxc4 Nb6 17. Qc5 Qxc5 18. Nxc5 Nd5 19. Kf2 b6 20. Ne4 Rd8 21. Bc4 Bb7 22. Ke2 Rac8 23. Bb5 a6 24. Ba4 b5 25. Bb3 b4 26. Rc1 Rxc1 27. Rxc1 Nxe3 28. Nxe6 fxe6 29. Bxe6+ Kh8 30. Kxe3 Bd4+ {erfasst durch pgnApp - www.pgn-app.com} 0-1

[Event "Sparkassen Chess Trophy 2024 A-Open"]
[Site "Dortmund"]
[Date "2024.08.17"]
[Round "8"]
[White "Vihan, Shourya"]
[Black "Padilla Garcia, Cecilia Xasive"]
[Result "1-0"]
[WhiteElo "1998"]
[BlackElo "1950"]
[PlyCount "125"]
[EventDate "2024.08.10"]

1. d4 Nf6 2. c4 c5 3. e3 cxd4 4. exd4 d5 5. Nf3 g6 6. Nc3 Bg7 7. Bg5 Ne4 8. cxd5 Nxg5 9. Nxg5 O-O 10. Nf3 Qb6 11. Qd2 Nd7 12. Bc4 Qb4 13. Bb3 a6 14. O-O b5 15. Rfe1 Bb7 16. Ne4 Qxd2 17. Nexd2 Nf6 18. Rxe7 Bxd5 19. Bxd5 Nxd5 20. Rd7 Rfd8 21. Rxd8+ Rxd8 22. Nb3 Nb4 23. Kf1 Nd3 24. Rb1 Rc8 25. Ne1 Nb4 26. a3 Nd5 27. g3 Rc4 28. Nf3 Rc2 29. Ne1 Rc4 30. Rd1 a5 31. Nxa5 Rxd4 32. Rxd4 Bxd4 33. b3 Kf8 34. Nc2 Bb6 35. Nc6 Ke8 36. N6d4 Nc3 37. Ke1 Ne4 38. f3 Nd6 39. Ke2 Kd7 40. Kd3 Bc5 41. g4 h6 42. Ne2 f5 43. gxf5 Nxf5 44. Ncd4 Nh4 45. Ke4 Bxa3 46. Nxb5 Be7 47. Nf4 Bc5 48. Nd3 Bg1 49. h3 Kc6 50. Nc3 Kd6 51. Ne2 Bb6 52. Ne5 Kc5 53. Nf4 g5 54. Nfd3+ Kb5 55. Nf7 Bc7 56. Nxh6 Bd8 57. Nf5 Ng6 58. Nd6+ Ka6 59. Nf7 Be7 60. Kf5 Nh4+ 61. Kg4 Kb5 62. Nde5 Bf6 63. Nxg5 {erfasst durch pgnApp - www.pgn-app.com} 1-0

[Event "Sparkassen Chess Trophy 2024 A-Open"]
[Site "Dortmund"]
[Date "2024.08.17"]
[Round "8"]
[White "Karaissaridis, Christos"]
[Black "Matsumura, Cocoro"]
[Result "0-1"]
[WhiteElo "1902"]
[BlackElo "1999"]
[PlyCount "52"]
[EventDate "2024.08.10"]

1. e4 c5 2. d3 d6 3. Nf3 g6 4. g3 Bg7 5. Bg2 Nc6 6. O-O Nf6 7. c3 O-O 8. Re1 e5 9. a4 Be6 10. Nbd2 h6 11. h3 a6 12. Nc4 Qc7 13. Bd2 Nxe4 14. Rxe4 d5 15. Rh4 dxc4 16. Bxh6 Bxh6 17. Rxh6 Rfd8 18. Qc1 cxd3 19. Rh4 f6 20. c4 Qg7 21. Ra3 g5 22. Re4 f5 23. Nxg5 d2 24. Qd1 Qxg5 25. Rh4 Rd4 26. Rh5 Qxh5 {erfasst durch pgnApp - www.pgn-app.com} 0-1

[Event "Sparkassen Chess Trophy 2024 A-Open"]
[Site "Dortmund"]
[Date "2024.08.17"]
[Round "8"]
[White "Bagrationi, Alexander"]
[Black "Noeldner, Julian"]
[Result "1/2-1/2"]
[WhiteElo "2411"]
[BlackElo "2189"]
[PlyCount "101"]
[EventDate "2024.08.10"]

1. d4 Nf6 2. c4 g6 3. Nc3 d5 4. cxd5 Nxd5 5. e4 Nxc3 6. bxc3 Bg7 7. Bc4 c5 8. Ne2 O-O 9. O-O Nc6 10. Be3 Bg4 11. f3 Bd7 12. Qd2 Qa5 13. d5 Ne5 14. Bb3 Bb5 15. Bf2 Bxe2 16. Qxe2 Qxc3 17. Rad1 Qb4 18. f4 c4 19. Bc2 Nd3 20. Bxd3 cxd3 21. Qxd3 Rfc8 22. Rc1 Qa4 23. g3 Qd7 24. e5 f6 25. e6 Qd6 26. Qb5 b6 27. Qd7 Rd8 28. Qxd6 Rxd6 29. Rfd1 f5 30. Be1 a5 31. Rc6 Rxc6 32. dxc6 Rc8 33. Rc1 Bb2 34. Rc4 Ba3 35. c7 Bd6 36. a4 Rxc7 37. Rxc7 Bxc7 38. Bf2 Kg7 39. Bd4+ Kf8 40. Kf2 Ke8 41. Ke2 Kd8 42. Kd3 Kc8 43. Kc4 Kb7 44. Kb5 Bd8 45. Bb2 Bc7 46. Bd4 Bd8 47. Bg1 Bc7 48. Be3 Bd8 49. Bc1 Kc7 50. Be3 Kb7 51. Bd4 {erfasst durch pgnApp - www.pgn-app.com} 1/2-1/2